Building Regulations 2000 : amendments 2000 to the approved documents (Record no. 102692)

MARC details
000 -LEADER
fixed length control field 00763cam a2200193 4500
001 - CONTROL NUMBER
control field
008 - FIXED-LENGTH DATA ELEMENTS--GENERAL INFORMATION
fixed length control field 030317n2000 000 0 eng u
020 ## - INTERNATIONAL STANDARD BOOK NUMBER
International Standard Book Number 0117535605
035 ## - SYSTEM CONTROL NUMBER
System control number (Sirsi) u121645
050 ## - LIBRARY OF CONGRESS CALL NUMBER
Classification number 692.2
-- 18
110 ## - MAIN ENTRY--CORPORATE NAME
Corporate name or jurisdiction name as entry element Department for Environment, Transport and the Regions
9 (RLIN) 4203
245 ## - TITLE STATEMENT
Title Building Regulations 2000 : amendments 2000 to the approved documents
260 ## - PUBLICATION, DISTRIBUTION, ETC.
Place of publication, distribution, etc. Norwich
Name of publisher, distributor, etc. TSO
Date of publication, distribution, etc. 2000
520 ## - SUMMARY, ETC.
Summary, etc. Coming into effect 1 January 2000. View at www.safety.odpm.gov.uk. Not found when searched for online 28/11/11.
650 ## - SUBJECT ADDED ENTRY--TOPICAL TERM
Topical term or geographic name entry element BUILDING REGULATIONS 2000
690 ## - LOCAL SUBJECT ADDED ENTRY--TOPICAL TERM (OCLC, RLIN)
Topical term or geographic name as entry element BUILT ENVIRONMENT-BUILDING STANDARDS
856 ## - ELECTRONIC LOCATION AND ACCESS
Uniform Resource Identifier <a href="https://www.safety.odpm.gov.uk/bregs/brad01.htm">https://www.safety.odpm.gov.uk/bregs/brad01.htm</a>
Hours access method available View the Approved Document on the ODPM website...
942 ## - ADDED ENTRY ELEMENTS (KOHA)
Suppress in OPAC 0
Holdings
Withdrawn status Lost status Source of classification or shelving scheme Damaged status Not for loan Home library Current library Shelving location Date acquired Total Checkouts Full call number Barcode Date last seen Copy number Price effective from Koha item type
    Dewey Decimal Classification     Virtual Virtual Online 17/03/2003   ONLINE PUBLICATION 121645-4001 06/08/2019 1 06/08/2019 Online material